[Event "División  Honor Aragonesa 2018 "]
[Site "Aragon"]
[Date "2018.01.27"]
[Round "1.26"]
[White "Palacios Herrero, Pablo"]
[Black "Fernandez Rubio, Rafael"]
[Result "1-0"]
[WhiteElo "2165"]
[BlackElo "2056"]
[PlyCount "63"]
[EventDate "2018.??.??"]
[EventType "tourn"]
[EventRounds "10"]
[EventCountry "ESP"]
[WhiteTeam "Palacio de Pioneros"]
[BlackTeam "Tauste"]

1. e4 g6 2. d4 Bg7 3. Nc3 c5 4. Nf3 cxd4 5. Nxd4 Nc6 6. Be3 Nf6 7. Bc4 O-O 8.
Bb3 d6 9. f3 a6 10. Qd2 Bd7 11. O-O-O Qc7 12. Kb1 Na5 13. g4 b5 14. g5 b4 15.
Nce2 Nxb3 16. Nxb3 Nh5 17. Ng3 a5 18. Nxh5 gxh5 19. Bd4 e5 20. Be3 Rfc8 21. Nc5
Bb5 22. Qxd6 Bf8 23. Qxc7 Rxc7 24. Nd3 Bd6 25. Rd2 Ba4 26. Nc1 Ra6 27. Ne2 Bb5
28. Ng3 h4 29. Nf5 Bf8 30. Rhd1 h3 31. Rd8 Rac6 32. Rxf8+ 1-0

[Event "División  Honor Aragonesa 2018 "]
[Site "Aragon"]
[Date "2018.01.27"]
[Round "1.27"]
[White "Vera Jimenez, Andres"]
[Black "Dan, Teodor"]
[Result "0-1"]
[WhiteElo "1942"]
[BlackElo "2164"]
[PlyCount "58"]
[EventDate "2018.??.??"]
[EventType "tourn"]
[EventRounds "10"]
[EventCountry "ESP"]
[WhiteTeam "Tauste"]
[BlackTeam "Palacio de Pioneros"]

1. Nf3 Nf6 2. g3 g6 3. Bg2 Bg7 4. O-O O-O 5. d4 d6 6. b3 Nc6 7. Bb2 Bd7 8. Nbd2
a5 9. a3 e5 10. e4 Nh5 11. dxe5 b5 12. Qe2 Qb8 13. Rab1 dxe5 14. Rfd1 Nd4 15.
Nxd4 exd4 16. f4 Qb6 17. Kh1 Nf6 18. h3 Bc6 19. Qf2 Rad8 20. Re1 Rfe8 21. g4
Qb7 22. Qf3 Re6 23. g5 Nxe4 24. Nxe4 Rde8 25. Qd3 Bxe4 26. Bxe4 Rxe4 27. Rxe4
Rxe4 28. Kh2 Re3 29. Qd1 Qe4 0-1

[Event "División  Honor Aragonesa 2018 "]
[Site "Aragon"]
[Date "2018.01.27"]
[Round "1.28"]
[White "Baquedano Coarasa, Pablo"]
[Black "Muro Turon, Raul"]
[Result "1-0"]
[WhiteElo "2156"]
[BlackElo "1884"]
[PlyCount "66"]
[EventDate "2018.??.??"]
[EventType "tourn"]
[EventRounds "10"]
[EventCountry "ESP"]
[WhiteTeam "Palacio de Pioneros"]
[BlackTeam "Tauste"]

1. d4 Nf6 2. Bf4 g6 3. e3 Bg7 4. Nf3 d5 5. Nbd2 O-O 6. Bd3 b6 7. c3 Bb7 8. h4
h5 9. Ne5 Nbd7 10. f3 Nxe5 11. dxe5 Nd7 12. e6 Nf6 13. exf7+ Kxf7 14. Qc2 Bc8
15. Bxg6+ Kg8 16. O-O-O Be6 17. Nc4 Qc8 18. Ne5 c5 19. Bg5 Qa6 20. a3 Rad8 21.
Bd3 Qb7 22. Ng6 Rfe8 23. Nf4 Bc8 24. Bg6 Rf8 25. Bxf6 Rxf6 26. Nxh5 Rfd6 27.
Nxg7 Kxg7 28. h5 e5 29. Bf5 Qf7 30. Bxc8 Rxc8 31. Rh3 Rcc6 32. Qf2 Kh7 33. Qg3
Qf6 1-0

[Event "División  Honor Aragonesa 2018 "]
[Site "Aragon"]
[Date "2018.01.27"]
[Round "1.29"]
[White "Arjol Lopez, Daniel"]
[Black "Salamero Pelay, Fernando"]
[Result "0-1"]
[WhiteElo "2042"]
[BlackElo "2155"]
[PlyCount "86"]
[EventDate "2018.??.??"]
[EventType "tourn"]
[EventRounds "10"]
[EventCountry "ESP"]
[WhiteTeam "St. Casablanca B"]
[BlackTeam "Atletismo Huesca"]

1. c4 c5 2. g3 Nf6 3. Bg2 d5 4. Nf3 Nc6 5. b3 e5 6. cxd5 Nxd5 7. Bb2 f6 8. Nc3
Nc7 9. d3 Be7 10. O-O O-O 11. Rc1 Bd7 12. Nd2 Rc8 13. Nc4 b6 14. Ne3 Nd4 15.
Ned5 Bc6 16. Nxc7 Bxg2 17. Ne6 Nxe6 18. Kxg2 f5 19. e4 f4 20. Qg4 Rc6 21. Nd5
f3+ 22. Kh1 Nd4 23. Bxd4 Rg6 24. Qh3 exd4 25. b4 Bg5 26. Rc4 Qd6 27. Qh5 Qe6
28. g4 Bd2 29. Rg1 Rh6 30. Nc7 Qxc4 31. dxc4 Rxh5 32. gxh5 Bxb4 33. Nd5 Bd2 34.
Rg3 b5 35. cxb5 c4 36. Ne7+ Kh8 37. Nd5 Be1 38. Kg1 d3 39. Kf1 Ba5 40. Rg5 Rd8
41. Ne3 d2 42. Nd1 Bb4 43. a3 c3 0-1

[Event "División  Honor Aragonesa 2018 "]
[Site "Aragon"]
[Date "2018.01.27"]
[Round "1.30"]
[White "Abril Avellanas, Eduardo"]
[Black "Roque Sola, Gisela"]
[Result "1-0"]
[WhiteElo "2142"]
[BlackElo "1978"]
[PlyCount "91"]
[EventDate "2018.??.??"]
[EventType "tourn"]
[EventRounds "10"]
[EventCountry "ESP"]
[WhiteTeam "Atletismo Huesca"]
[BlackTeam "St. Casablanca B"]

1. d4 e6 2. c4 Nf6 3. Nf3 d5 4. Nc3 Bb4 5. cxd5 exd5 6. Bg5 O-O 7. e3 c6 8. Qc2
h6 9. Bh4 Re8 10. Bd3 Na6 11. O-O Bd6 12. a3 Bg4 13. Nd2 Nc7 14. Rae1 Ne6 15.
f4 g5 16. fxg5 hxg5 17. Bf2 Kg7 18. e4 dxe4 19. Ndxe4 Nxd4 20. Bxd4 Bxh2+ 21.
Kxh2 Qxd4 22. Qf2 Qxf2 23. Nxf2 Be6 24. Nce4 Nxe4 25. Nxe4 g4 26. Kg3 Rad8 27.
Bc2 Bc4 28. Rf4 Be6 29. Nf6 Rh8 30. Nxg4 Rd2 31. Rf2 Rd4 32. Re4 Rxe4 33. Bxe4
Rh5 34. Ne3 Rb5 35. Kf4 Kf6 36. g4 Ke7 37. Rd2 Rb3 38. g5 Rb5 39. Nf5+ Bxf5 40.
Bxf5 Rb3 41. Bb1 c5 42. Ba2 Rh3 43. Rc2 Rh1 44. Ke5 Rg1 45. Rxc5 Rxg5+ 46. Kd4
1-0

[Event "División  Honor Aragonesa 2018 "]
[Site "Aragon"]
[Date "2018.01.27"]
[Round "1.31"]
[White "Vela Frago, Alberto"]
[Black "Luis Vitalla, Fernando"]
[Result "1/2-1/2"]
[WhiteElo "1808"]
[BlackElo "2116"]
[PlyCount "63"]
[EventDate "2018.??.??"]
[EventType "tourn"]
[EventRounds "10"]
[EventCountry "ESP"]
[WhiteTeam "St. Casablanca B"]
[BlackTeam "Atletismo Huesca"]

1. c4 c6 2. Nf3 d5 3. e3 Nf6 4. b3 Bf5 5. Bb2 e6 6. Be2 h6 7. O-O Nbd7 8. d4
Bd6 9. Nbd2 Qc7 10. c5 Be7 11. Re1 O-O 12. Nf1 Ne4 13. Ng3 Nxg3 14. hxg3 e5 15.
Nxe5 Nxe5 16. dxe5 Bxc5 17. Bg4 Be6 18. f4 Qd7 19. Bxe6 fxe6 20. Rc1 Qe7 21.
Qc2 Bb6 22. Bd4 Rac8 23. Bc5 Bxc5 24. Qxc5 Qxc5 25. Rxc5 b6 26. Rc2 c5 27. a4
a6 28. Rec1 a5 29. g4 g6 30. g3 Rcd8 31. Rd1 Kg7 32. Kg2 1/2-1/2

[Event "División  Honor Aragonesa 2018 "]
[Site "Aragon"]
[Date "2018.01.27"]
[Round "1.32"]
[White "Gella Lopez, Angel"]
[Black "Ayensa Garcia, Miguel Angel"]
[Result "1/2-1/2"]
[WhiteElo "2110"]
[BlackElo "1779"]
[PlyCount "68"]
[EventDate "2018.??.??"]
[EventType "tourn"]
[EventRounds "10"]
[EventCountry "ESP"]
[WhiteTeam "Atletismo Huesca"]
[BlackTeam "St. Casablanca B"]

1. d4 e6 2. g3 Nf6 3. Bg2 d5 4. Nf3 c5 5. O-O Bd6 6. dxc5 Bxc5 7. c4 O-O 8. Nc3
dxc4 9. Qa4 a6 10. Qxc4 Qc7 11. Qb3 Nc6 12. Na4 Ba7 13. Bg5 Ne4 14. Bf4 e5 15.
Nxe5 Nxf2 16. Nxc6 Nh3+ 17. Kh1 Nxf4 18. Nxa7 Be6 19. Qxb7 Qxb7 20. Bxb7 Rxa7
21. Bf3 Ng6 22. Nc5 Bc4 23. b3 Rc8 24. Rac1 Rxc5 25. Rxc4 Rxc4 26. bxc4 Ne5 27.
Bd5 Rc7 28. Rc1 Kf8 29. Rc3 Rc5 30. e4 Ke7 31. Rb3 Kd6 32. Rb6+ Kd7 33. Rb7+
Rc7 34. Rb6 Nxc4 1/2-1/2

[Event "Cto Aragon Equipos Pref Gr I "]
[Site "Aragon"]
[Date "2018.01.27"]
[Round "1.33"]
[White "Malo Guillen, Jose Luis"]
[Black "Serrano San Nicolas, Angel"]
[Result "1-0"]
[WhiteElo "2113"]
[BlackElo "1998"]
[PlyCount "73"]
[EventDate "2018.??.??"]
[EventType "tourn"]
[EventRounds "9"]
[EventCountry "ESP"]

1. d4 g6 2. Nf3 Bg7 3. c4 c5 4. e3 Nf6 5. Nc3 O-O 6. Be2 d6 7. O-O Nbd7 8. h3
a6 9. a3 b6 10. Re1 Re8 11. d5 b5 12. cxb5 Nb6 13. e4 axb5 14. Bxb5 Nfd7 15.
Bf4 Ra5 16. a4 Ba6 17. Qe2 Bxc3 18. bxc3 Nxa4 19. Bxa6 Qb6 20. Bc4 Nxc3 21. Qc2
Rxa1 22. Rxa1 Qb4 23. Bd2 Qxc4 24. Bxc3 Nf6 25. Nd2 Qe2 26. Qa4 e5 27. Qa6 c4
28. Qxd6 Qd3 29. Rc1 Kg7 30. Qc6 Re7 31. Qxc4 Qxc4 32. Nxc4 Nxe4 33. Bxe5+ f6
34. d6 Rxe5 35. Nxe5 Nxd6 36. Rc7+ Kg8 37. Ng4 1-0

[Event "Cto Aragon Equipos Pref Gr I "]
[Site "Aragon"]
[Date "2018.01.27"]
[Round "1.34"]
[White "Aviol Perez, Jose Mariano"]
[Black "Querol Soro, Sergio"]
[Result "1/2-1/2"]
[WhiteElo "1786"]
[BlackElo "1959"]
[PlyCount "61"]
[EventDate "2018.??.??"]
[EventType "tourn"]
[EventRounds "9"]
[EventCountry "ESP"]

1. d4 Nf6 2. Nf3 g6 3. Nc3 d5 4. Bf4 Bg7 5. Ne5 c5 6. e3 O-O 7. Be2 Nc6 8. Nxc6
bxc6 9. O-O Nd7 10. Bg4 cxd4 11. exd4 Qb6 12. Re1 Re8 13. Bxd7 Bxd7 14. Be5
Qxb2 15. Na4 Qa3 16. Nc5 Bf5 17. g4 Bc8 18. Re3 Qa5 19. Bxg7 Kxg7 20. Qe2 Qc7
21. Re1 Qf4 22. h3 Qxd4 23. Rxe7 Rxe7 24. Qxe7 Qf6 25. Qc7 h5 26. gxh5 Qg5+ 27.
Kh2 Qxh5 28. Qg3 Qf5 29. Re8 Rb8 30. Qxb8 Qxf2+ 31. Kh1 1/2-1/2

[Event "Cto Aragon Equipos Pref Gr I "]
[Site "Aragon"]
[Date "2018.01.27"]
[Round "1.35"]
[White "Alonso Blasco, Jose Miguel"]
[Black "Fernandez Sierra, Pedro Jose"]
[Result "1-0"]
[WhiteElo "1949"]
[BlackElo "1541"]
[PlyCount "71"]
[EventDate "2018.??.??"]
[EventType "tourn"]
[EventRounds "9"]
[EventCountry "ESP"]

1. e4 e6 2. d4 d5 3. Nd2 dxe4 4. Nxe4 Bd7 5. Nf3 Bc6 6. Bd3 Nd7 7. O-O Ngf6 8.
Qe2 Bxe4 9. Bxe4 Nxe4 10. Qxe4 c6 11. b3 Nf6 12. Qe2 Be7 13. Bb2 O-O 14. c4 Qa5
15. Rfd1 Ba3 16. Bxa3 Qxa3 17. Rd3 Qa5 18. Ne5 Rad8 19. Rad1 Rd6 20. Qd2 Qxd2
21. R1xd2 Rfd8 22. f3 Nh5 23. g3 g6 24. Kf2 Ng7 25. Ke3 Nf5+ 26. Ke4 f6 27. Ng4
Nxg3+ 28. hxg3 f5+ 29. Ke5 fxg4 30. fxg4 Kg7 31. g5 c5 32. d5 exd5 33. Rxd5
Rxd5+ 34. cxd5 Rf8 35. d6 Rf5+ 36. Ke6 1-0

[Event "Cto Aragon Equipos Pref Gr I "]
[Site "Aragon"]
[Date "2018.01.27"]
[Round "1.36"]
[White "Sanchez Gascon, Ricardo"]
[Black "Morato Garcia, Jesus"]
[Result "1/2-1/2"]
[WhiteElo "1436"]
[BlackElo "1914"]
[PlyCount "54"]
[EventDate "2018.??.??"]
[EventType "tourn"]
[EventRounds "9"]
[EventCountry "ESP"]

1. Nf3 g6 2. d4 Bg7 3. e4 c5 4. Be3 cxd4 5. Bxd4 Nf6 6. Nc3 Nc6 7. Bc4 Nxd4 8.
Qxd4 O-O 9. e5 Ne8 10. O-O-O Qa5 11. Rhe1 d6 12. Kb1 Nc7 13. Qh4 h6 14. Qxe7
dxe5 15. Rd8 Be6 16. Rxa8 Rxa8 17. Bxe6 Nxe6 18. Ne4 Nd4 19. Rd1 Nxf3 20. gxf3
Qb6 21. Rd7 Rf8 22. a3 Qa6 23. Rd3 f5 24. Rd7 Qf1+ 25. Ka2 Qc4+ 26. b3 Qxc2+
27. Ka1 Qc1+ 1/2-1/2

[Event "Cto Aragon Equipos Pref Gr I "]
[Site "Aragon"]
[Date "2018.01.27"]
[Round "1.37"]
[White "Vallverdu Miret, Oscar"]
[Black "Accattato Martin, Mario"]
[Result "1/2-1/2"]
[WhiteElo "2082"]
[BlackElo "2224"]
[PlyCount "62"]
[EventDate "2018.??.??"]
[EventType "tourn"]
[EventRounds "9"]
[EventCountry "ESP"]

1. d4 Nf6 2. Bf4 e6 3. e3 b6 4. Nd2 Bb7 5. Ngf3 d6 6. h3 g6 7. Be2 Bg7 8. O-O
O-O 9. Bh2 Nc6 10. c3 Nd7 11. e4 e5 12. dxe5 Ncxe5 13. Nxe5 dxe5 14. Qc2 Nc5
15. Rad1 Qe7 16. Rfe1 a5 17. Bf1 Rad8 18. f3 Ne6 19. Nc4 Nf4 20. Rxd8 Rxd8 21.
Rd1 Bc8 22. Rxd8+ Qxd8 23. g3 Nxh3+ 24. Bxh3 Bxh3 25. Qd2 Qxd2 26. Nxd2 Be6 27.
b3 Bh6 28. f4 Bg7 29. c4 f5 30. fxe5 fxe4 31. Nxe4 Bxe5 1/2-1/2

[Event "Cto Aragon Equipos Pref Gr I "]
[Site "Aragon"]
[Date "2018.01.27"]
[Round "1.38"]
[White "Miranda Herrera, Jorge Manuel"]
[Black "Aribau Rivas, Miguel Angel"]
[Result "1-0"]
[WhiteElo "1858"]
[BlackElo "2029"]
[PlyCount "83"]
[EventDate "2018.??.??"]
[EventType "tourn"]
[EventRounds "9"]
[EventCountry "ESP"]

1. e4 c5 2. g3 {[%emt 0:00:00]} Nc6 3. Bg2 Nf6 4. d3 g6 5. c3 Bg7 6. Be3 d6 7.
h3 Rb8 8. f4 Qc7 9. Ne2 b5 10. O-O b4 11. Nd2 Nd7 12. Rb1 Ba6 13. c4 Bb7 14.
Nf3 a5 15. g4 Ra8 16. Qe1 a4 17. Qf2 e6 18. Ng3 Rd8 19. h4 Nf6 20. Bh3 h5 21.
gxh5 gxh5 22. Ne2 Bh6 23. Ng5 Bxg5 24. fxg5 Ng4 25. Bxg4 hxg4 26. Qf6 Rg8 27.
Bf4 Qe7 28. Qh6 Ne5 29. Bxe5 dxe5 30. Rbd1 Kd7 31. Qh5 Rg7 32. Qxg4 Rdg8 33.
Qf3 Rh8 34. Qg3 Rgh7 35. Qxe5 Rxh4 36. Ng3 Rg8 37. d4 Rxg5 38. Qb8 Kc6 39. d5+
exd5 40. exd5+ Kb6 41. Rde1 Qc7 42. Rf6+ 1-0

[Event "Cto Aragon Equipos Pref Gr I "]
[Site "Aragon"]
[Date "2018.01.27"]
[Round "1.39"]
[White "Alsina Franco, Sergio"]
[Black "Miranda Garcia, Eduardo"]
[Result "0-1"]
[WhiteElo "1857"]
[BlackElo "1810"]
[PlyCount "76"]
[EventDate "2018.??.??"]
[EventType "tourn"]
[EventRounds "9"]
[EventCountry "ESP"]

1. e4 d6 2. d4 Nf6 3. Nc3 g6 4. Nf3 Bg7 5. Bc4 O-O 6. h3 a6 7. O-O b5 8. Bd3
Bb7 9. Re1 Nbd7 10. e5 dxe5 11. dxe5 Nd5 12. Nxd5 Bxd5 13. Bf4 Nc5 14. Bf1 Ne6
15. Bh2 c5 16. c3 Bc6 17. Nd2 Qd7 18. Qe2 Rfd8 19. Rad1 Bh6 20. Nc4 Qc7 21. Ne3
c4 22. Nc2 Rxd1 23. Rxd1 Rd8 24. Nd4 Nxd4 25. cxd4 Qa7 26. Qg4 Bd5 27. Bf4 Bf8
28. Be3 Qd7 29. Qh4 a5 30. Be2 b4 31. Bg4 e6 32. Bg5 Rc8 33. Rc1 c3 34. bxc3
Rxc3 35. Rxc3 bxc3 36. a3 Qa4 37. Bc1 Qxd4 38. Qg3 c2 0-1

[Event "Cto Aragon Equipos Pref Gr I "]
[Site "Aragon"]
[Date "2018.01.27"]
[Round "1.40"]
[White "Miranda Herrera, Miguel"]
[Black "Agustin De Dios, Adrian"]
[Result "0-1"]
[WhiteElo "1722"]
[BlackElo "1707"]
[PlyCount "72"]
[EventDate "2018.??.??"]
[EventType "tourn"]
[EventRounds "9"]
[EventCountry "ESP"]

1. e4 c5 2. b4 e5 3. bxc5 Bxc5 4. Nf3 Nc6 5. Bc4 Nf6 6. Nc3 O-O 7. O-O d6 8.
Re1 Bg4 9. Na4 Nd4 10. Nxc5 dxc5 11. Be2 Nc6 12. Bb2 Qd6 13. h3 Bh5 14. Nh4 Bg6
15. Nf5 Bxf5 16. exf5 Nd4 17. g4 Nd5 18. c3 Nc6 19. Bf1 Nf4 20. Qc2 Rad8 21.
Rad1 Qh6 22. Kh2 Qh4 23. d3 Rfe8 24. Rd2 Rd6 25. d4 Red8 26. Qb3 cxd4 27. cxd4
Nxd4 28. Bxd4 Rxd4 29. Rc2 Rd2 30. Rxd2 Rxd2 31. Qxb7 Rxf2+ 32. Kh1 h6 33. f6
Nxh3 34. Qc8+ Kh7 35. Bd3+ g6 36. Bxg6+ Kxg6 0-1

[Event "Cto Aragon Equipos Pref Gr I "]
[Site "Aragon"]
[Date "2018.01.27"]
[Round "1.41"]
[White "Maza Broto, Pablo"]
[Black "Correas Marcen, Jose Maria"]
[Result "1/2-1/2"]
[WhiteElo "2076"]
[BlackElo "1946"]
[PlyCount "129"]
[EventDate "2018.??.??"]
[EventType "tourn"]
[EventRounds "9"]
[EventCountry "ESP"]

1. c4 g6 2. Nc3 Bg7 3. g3 Nf6 4. Bg2 O-O 5. Nf3 c5 6. O-O Nc6 7. d4 cxd4 8.
Nxd4 Nxd4 9. Qxd4 d6 10. Rd1 a6 11. c5 Nd7 12. Qc4 Nxc5 13. Be3 Be6 14. Qb4 Qc7
15. Rac1 Rab8 16. Ne4 b6 17. Ng5 Qa7 18. Qh4 h6 19. Nxe6 Nxe6 20. Bxh6 Bxh6 21.
Qxh6 Rfc8 22. Bh3 Qd7 23. Rxc8+ Rxc8 24. Rd4 Qc7 25. Rd1 Qc2 26. Qd2 Qxd2 27.
Rxd2 Rc1+ 28. Bf1 Kg7 29. f3 Kf6 30. Kf2 a5 31. e4 Nc5 32. b3 Rc3 33. Bb5 Ne6
34. h4 Nc7 35. Be2 Ne6 36. Bd1 Rc1 37. Ke3 Rc3+ 38. Rd3 Rc8 39. Kd2 Rh8 40. f4
Nc5 41. Re3 e5 42. fxe5+ Kxe5 43. Bc2 Kd4 44. Rf3 Rf8 45. e5 dxe5 46. Bxg6 f6
47. h5 Kd5 48. Ke3 Ke6 49. Bf5+ Ke7 50. Rf1 Rd8 51. Rf2 Rg8 52. g4 Rd8 53. Rd2
Rg8 54. h6 Rh8 55. h7 Ne6 56. Rh2 Nd4 57. Ke4 Kf7 58. Rh1 Nxf5 59. Kxf5 Kg7 60.
Rc1 Rxh7 61. Rc7+ Kg8 62. Rc8+ Kg7 63. Rc7+ Kg8 64. Rc8+ Kg7 65. Rc7+ 1/2-1/2

[Event "Cto Aragon Equipos Pref Gr I "]
[Site "Aragon"]
[Date "2018.01.27"]
[Round "1.42"]
[White "Sarto Ramos, Angel"]
[Black "Rodriguez Leiva, Manuel"]
[Result "0-1"]
[WhiteElo "1937"]
[BlackElo "1935"]
[PlyCount "122"]
[EventDate "2018.??.??"]
[EventType "tourn"]
[EventRounds "9"]
[EventCountry "ESP"]

1. Nf3 d5 2. d4 Nf6 3. c4 e6 4. e3 Be7 5. Nc3 O-O 6. Bd3 a6 7. cxd5 exd5 8. O-O
Bg4 9. h3 Bh5 10. Bd2 Nc6 11. Rc1 Bb4 12. a3 Bxc3 13. Bxc3 Qd7 14. b4 Ne4 15.
Be2 Bxf3 16. Bxf3 Ng5 17. h4 Nxf3+ 18. Qxf3 f5 19. g3 Ne7 20. Bb2 c6 21. a4 Nc8
22. Ba3 Rf6 23. b5 axb5 24. Ra1 Rxa4 25. Rfb1 Nb6 26. Qf4 h6 27. Bc5 Rxa1 28.
Rxa1 Na4 29. Qb8+ Kh7 30. h5 Rf7 31. Bd6 Rf6 32. Be5 Re6 33. Qa7 Qf7 34. Kg2
Re7 35. Rh1 Nb2 36. Qa1 Nc4 37. f4 Nxe3+ 38. Kf3 Nc4 39. Qc3 b6 40. Qd3 Ra7 41.
Qc2 Ra3+ 42. Kf2 b4 43. g4 b3 44. Qxf5+ Qxf5 45. gxf5 Ra2+ 46. Kf3 b2 47. Rg1
Ra7 48. f6 b1=Q 49. Rxb1 Nd2+ 50. Kg4 Nxb1 51. fxg7 Rf7 52. f5 b5 53. f6 b4 54.
Kf5 b3 55. Ke6 Kg8 56. Bf4 b2 57. Bxh6 Na3 58. Bf4 b1=Q 59. Be5 Nb5 60. h6 Qd3
61. Bg3 Qe4+ 0-1

[Event "Cto Aragon Equipos Pref Gr I "]
[Site "Aragon"]
[Date "2018.01.27"]
[Round "1.43"]
[White "Buil Rello, Jose Antonio"]
[Black "Labrador Postigo, Francisco M"]
[Result "1-0"]
[WhiteElo "1761"]
[BlackElo "1901"]
[PlyCount "98"]
[EventDate "2018.??.??"]
[EventType "tourn"]
[EventRounds "9"]
[EventCountry "ESP"]

1. e4 c5 2. Nf3 d6 3. d4 cxd4 4. Nxd4 Nf6 5. f3 a6 6. c4 e6 7. Be3 b6 8. Nc3
Bb7 9. Be2 Be7 10. O-O O-O 11. Qd2 Nbd7 12. Rfd1 Qc7 13. Rac1 Rac8 14. b3 Qb8
15. Bf4 Ne5 16. Nc2 Rfd8 17. Be3 d5 18. exd5 exd5 19. Bxb6 Bc5+ 20. Bxc5 Rxc5
21. Na4 Rcc8 22. c5 d4 23. Bd3 Bxf3 24. Rf1 Ba8 25. Bf5 Neg4 26. Qf4 Qb7 27.
Qg3 Qxg2+ 28. Qxg2 Bxg2 29. Bxc8 Bxf1 30. Rxf1 d3 31. Rd1 Rxc8 32. Rxd3 h5 33.
b4 Re8 34. Nc3 Ne4 35. Nxe4 Rxe4 36. h3 Ne5 37. Re3 Rxe3 38. Nxe3 Nc6 39. Nc2
Kf8 40. a4 Ke7 41. b5 axb5 42. axb5 Na7 43. Nd4 Kd7 44. Kf2 g5 45. Kf3 f5 46.
b6 g4+ 47. Kf4 Nc6 48. b7 Nb8 49. h4 Kc7 {1-0} 1-0

[Event "Cto Aragon Equipos Pref Gr I "]
[Site "Aragon"]
[Date "2018.01.27"]
[Round "1.44"]
[White "De La Riva Fernandez, Eduardo"]
[Black "Olivan Alvira, Alejandro"]
[Result "1-0"]
[WhiteElo "1825"]
[BlackElo "1512"]
[PlyCount "41"]
[EventDate "2018.??.??"]
[EventType "tourn"]
[EventRounds "9"]
[EventCountry "ESP"]

1. e4 d5 2. exd5 Qxd5 3. Nc3 Qa5 4. d4 Nf6 5. Bd2 c6 6. Nf3 Bg4 7. Be2 e6 8.
Ne5 Bxe2 9. Qxe2 Be7 10. Ne4 Qc7 11. Ng5 Rf8 12. c4 Nbd7 13. O-O c5 14. Bf4
cxd4 15. Ng6 Bd6 16. Nxe6 Qb6 17. c5 Bxc5 18. Nxc5+ Kd8 19. Qe7+ Kc8 20. Nxd7
Nxd7 21. Rac1+ 1-0

[Event "Cto Aragon Equipos Pref Gr I "]
[Site "Aragon"]
[Date "2018.01.27"]
[Round "1.45"]
[White "Gimeno Oteo, Marco Antonio"]
[Black "Carruez Berges, Fernando"]
[Result "1/2-1/2"]
[WhiteElo "2104"]
[BlackElo "1981"]
[PlyCount "61"]
[EventDate "2018.??.??"]
[EventType "tourn"]
[EventRounds "9"]
[EventCountry "ESP"]

1. e4 e6 2. b3 d5 3. Bb2 Nf6 4. e5 Nfd7 5. d4 c5 6. c3 Be7 7. Nf3 O-O 8. Be2 f5
9. exf6 Nxf6 10. O-O Nc6 11. Nbd2 cxd4 12. cxd4 Bd7 13. Ne5 Rc8 14. Ndf3 Ne4
15. Rc1 Nxe5 16. Nxe5 Rxc1 17. Qxc1 Bd6 18. Nxd7 Qxd7 19. Qe3 Bf4 20. Qd3 Rc8
21. g3 Bd6 22. Bf3 Nf6 23. Re1 Bb4 24. Re2 Bd6 25. Qe3 Re8 26. Kg2 a6 27. h4 g6
28. g4 Re7 29. g5 Ne8 30. Bg4 Ng7 31. Qc1 1/2-1/2

[Event "Cto Aragon Equipos Pref Gr I "]
[Site "Aragon"]
[Date "2018.01.27"]
[Round "1.46"]
[White "Martin Pastor, Ivan"]
[Black "Gutierrez Mingueza, Ruben"]
[Result "0-1"]
[WhiteElo "1787"]
[BlackElo "2080"]
[PlyCount "81"]
[EventDate "2018.??.??"]
[EventType "tourn"]
[EventRounds "9"]
[EventCountry "ESP"]

1. d4 d5 2. Nf3 Nf6 3. Bf4 e6 4. e3 Bd6 5. Ne5 O-O 6. Bd3 c5 7. c3 Nc6 8. Bg3
Qc7 9. f4 b6 10. Nd2 Bb7 11. Bh4 Ne8 12. Qh5 f5 13. Rg1 Nf6 14. Qf3 Ne4 15. g4
Nxe5 16. fxe5 Be7 17. Bg3 Rae8 18. Bf4 Bh4+ 19. Ke2 Bd8 20. gxf5 Rxf5 21. Nxe4
dxe4 22. Bxe4 Bxe4 23. Qxe4 cxd4 24. exd4 Qf7 25. Bg3 Rf8 26. Qg4 Bg5 27. a4
Bh6 28. h4 Qc7 29. Qe4 Qc4+ 30. Kd1 Rf3 31. Kc2 Re3 32. Qg4 Re2+ 33. Kb1 Qd3+
34. Ka2 Qc4+ 35. Ka3 Re3 36. Rac1 a6 37. b3 Qc6 38. Rge1 Rff3 39. d5 Qc5+ 40.
Ka2 exd5 41. Red1 0-1

[Event "Cto Aragon Equipos Pref Gr I "]
[Site "Aragon"]
[Date "2018.01.27"]
[Round "1.47"]
[White "Ferreruela Romero, Jose Joaquin"]
[Black "Zubialde Ayala, Gonzalo"]
[Result "1-0"]
[WhiteElo "2021"]
[BlackElo "1777"]
[PlyCount "65"]
[EventDate "2018.??.??"]
[EventType "tourn"]
[EventRounds "9"]
[EventCountry "ESP"]

1. b3 Nf6 2. Bb2 e6 3. Nf3 c5 4. c4 Nc6 5. g3 d5 6. cxd5 exd5 7. Bg2 Be7 8. O-O
Be6 9. Re1 O-O 10. d4 Rc8 11. Nc3 Re8 12. Rc1 b6 13. Na4 Ne4 14. dxc5 bxc5 15.
Nd2 Bg5 16. Nxe4 Bxc1 17. Nf6+ Kh8 18. Nxe8 Bxb2 19. Nxb2 Qxe8 20. Bxd5 Bxd5
21. Qxd5 Nb4 22. Qb7 Nxa2 23. Nc4 Qe6 24. Ra1 Nc3 25. Rxa7 Nxe2+ 26. Kg2 Nf4+
27. Kf3 Nh3 28. Ra8 Qf5+ 29. Ke3 Qxf2+ 30. Kd3 Qf1+ 31. Kc2 Qe2+ 32. Nd2 Re8
33. Qc8 1-0

[Event "Cto Aragon Equipos Pref Gr I "]
[Site "Aragon"]
[Date "2018.01.27"]
[Round "1.48"]
[White "Mejia Palomino, Rodrigo Albert"]
[Black "Palomar Ramon, Santiago"]
[Result "0-1"]
[WhiteElo "1619"]
[BlackElo "1914"]
[PlyCount "119"]
[EventDate "2018.??.??"]
[EventType "tourn"]
[EventRounds "9"]
[EventCountry "ESP"]

1. e4 e5 2. Nf3 Nc6 3. Bb5 d6 4. d4 Bd7 5. d5 Nce7 6. Bxd7+ Qxd7 7. c4 Ng6 8.
Nc3 Be7 9. O-O Nf6 10. Re1 O-O 11. Qa4 Qc8 12. Ng5 Nh5 13. Nh3 Nhf4 14. Nxf4
exf4 15. f3 Bf6 16. Ne2 Be5 17. Rb1 f5 18. Qc2 fxe4 19. Qxe4 Qd7 20. Nd4 Bxd4+
21. Qxd4 Rae8 22. Bd2 b6 23. Bc3 Ne5 24. Kh1 Rf7 25. Re4 Ref8 26. b4 a6 27. Rb3
Qa4 28. Rb2 Qd7 29. Rb3 b5 30. c5 Nc4 31. c6 Qf5 32. Ba1 Ne3 33. Rd3 Nc2 34.
Qc3 Nxa1 35. Qxa1 Qg5 36. Qe1 Rf5 37. Re7 Re5 38. Rxe5 Qxe5 39. Qxe5 dxe5 40.
d6 cxd6 41. Rxd6 Rc8 42. g3 Kf7 43. Rd7+ Kf6 44. c7 fxg3 45. hxg3 h5 46. Kg2 g5
47. Kh3 Ke6 48. Rh7 g4+ 49. fxg4 hxg4+ 50. Kxg4 Kd5 51. Kf5 Rf8+ 52. Kg6 Kd6
53. Rf7 Rg8+ 54. Rg7 Rxg7+ 55. Kxg7 Kxc7 56. Kh6 e4 57. g4 e3 58. g5 e2 59. g6
e1=Q 60. g7 0-1

[Event "Cto Aragon Equipos Pref Gr I "]
[Site "Aragon"]
[Date "2018.01.27"]
[Round "1.49"]
[White "Pellicer Cemeli, Jose Luis"]
[Black "Ocabo Vera, Pedro Aristides"]
[Result "1-0"]
[WhiteElo "1969"]
[BlackElo "1800"]
[PlyCount "111"]
[EventDate "2018.??.??"]
[EventType "tourn"]
[EventRounds "9"]
[EventCountry "ESP"]

1. d4 g6 2. e4 d6 3. Nc3 Bg7 4. Be3 a6 5. a4 Nc6 6. Bc4 e5 7. Nge2 Nf6 8. Qd2
h6 9. h3 Rb8 10. O-O exd4 11. Nxd4 Ne5 12. Be2 g5 13. f4 gxf4 14. Rxf4 Ng6 15.
Rf2 Ne5 16. Raf1 Qe7 17. Rxf6 c6 18. R6f4 Rg8 19. Nf5 Bxf5 20. Rxf5 Kd7 21. Bf4
Rbf8 22. Bxh6 Qh4 23. Bxg7 Rxg7 24. Rxe5 Qg3 25. Bg4+ Rxg4 26. hxg4 Qxe5 27.
Qf2 f6 28. Qf5+ Ke7 29. Qxe5+ dxe5 30. Kf2 Rg8 31. Kf3 Rd8 32. Rd1 Rh8 33. a5
Rh7 34. Na4 Ke8 35. Nc5 Re7 36. Rd6 Rf7 37. Kg3 Rf8 38. Rd7 f5 39. exf5 e4 40.
Rxb7 e3 41. Rb8+ Ke7 42. Rxf8 e2 43. Kf2 e1=Q+ 44. Kxe1 Kxf8 45. g5 Kg7 46. Ke2
Kh7 47. Kf3 Kg7 48. Kf4 Kh7 49. Ke5 Kg7 50. Ke6 Kf8 51. Kf6 Kg8 52. Ke7 Kg7 53.
Ne6+ Kg8 54. g6 c5 55. f6 c4 56. f7+ 1-0